000 00837nam a2200265 4500
003 dpl
005 20180714154636.0
008 180714b xxu||||| |||| 00| 0 eng d
010 _aB-043012
020 _a1851520503
035 _aB-043012, B-043016
037 _bCen Lib / Ret
040 _aDPL
_bEN
_c0
082 _aN
_bAUS
100 _aAusten, Jane
245 _aThe complete illustrated novels of jane austen /
_cby Jane Austen
260 _aLondon
_bChancellor
_c2000
270 _a2-4, Heron Quays
_bLondon
_e1996
300 _av 2. 863p
_b24cm(Hb)
505 _aVol. 2. Sense and sensibility ; Emma ; Northanger Abbey. 1987.
650 _aYoung women -- England -- Fiction.
650 _aEngland -- Social life and customs -- 19th century -- Fiction.
650 _aManners and customs.
942 _2ddc
_cEN
_hN
_mAUS
999 _c136710
_d136710